000
00329nam a22001457a 4500
003
SGT
020
_a
978-81265-3114-1
082
_a
616.89
_b
S14K
100
_a
KING, BRUCE M.
245
_a
STATISTICAL REASONING IN THE BEHAVIORAL SCIENCE
250
_a
5TH
260
_a
INDIA
_b
WILEY
_c
2014
300
_a
487
942
_2
ddc
_c
BK
999
_c
18134
_d
18134